000 00496cam a22002051 4500
001 sa 68014193
003 DLC
005 20260227112629.0
008 881102s1967 xx 000 0 hino
010 _asa 68014193
035 _a(OCoLC)23540873
040 _aDLC
_cMiU
_dDLC
042 _apremarc
050 0 0 _aPK1977
_b.F52
245 0 0 _aFīroz al-lughāt Urdū jadīd.
260 _c[1967]
300 _a729 p.
_c19 cm.
500 _aRomanized.
650 0 _aUrdu language
_vDictionaries.
999 _c85607
_d85607